[Event "Mittelrhein Verbandsliga-N 17/18"]
[Site "Nordrheinwestfalen"]
[Date "2018.05.06"]
[Round "11.7"]
[White "Goede, Paul Johannes"]
[Black "Pauseback, Nikolaus"]
[Result "1-0"]
[WhiteElo "1456"]
[BlackElo "1498"]
[PlyCount "55"]
[EventDate "2017.09.10"]
[EventType "team-swiss"]
[EventRounds "11"]
[EventCountry "GER"]
[SourceTitle "EXT 2022"]
[Source "ChessBase"]
[SourceDate "2021.10.06"]
[SourceVersion "1"]
[SourceVersionDate "2021.10.06"]
[SourceQuality "1"]
[WhiteTeam "Langenfeld II"]
[BlackTeam "Gruenfeld"]
[WhiteTeamCountry "GER"]
[BlackTeamCountry "GER"]

1. d4 d5 2. Bg5 Nf6 3. Bxf6 exf6 4. Nf3 Bd6 5. e3 a6 6. c4 Bb4+ 7. Nbd2 Bxd2+ 8. Qxd2 0-0 9. b3 Bg4 10. Be2 dxc4 11. bxc4 Nc6 12. h3 Bh5 13. 0-0 Rb8 14. Rab1 Re8 15. Rb2 Qd6 16. c5 Qd7 17. Rfb1 Qc8 18. Rb3 g5 19. a4 Bg6 20. R1b2 h5 21. d5 Ne5 22. Nxe5 fxe5 23. Bxa6 Qf5 24. Rxb7 Rxb7 25. Bxb7 Rd8 26. a5 Qd7 27. a6 Be4 28. a7 1-0

[Event "Mittelrhein Verbandsliga-N 17/18"]
[Site "Nordrheinwestfalen"]
[Date "2018.02.04"]
[Round "7.7"]
[White "Weiland, Herbert"]
[Black "Pauseback, Nikolaus"]
[Result "1-0"]
[WhiteElo "1672"]
[BlackElo "1499"]
[PlyCount "91"]
[EventDate "2017.09.10"]
[EventType "team-swiss"]
[EventRounds "11"]
[EventCountry "GER"]
[SourceTitle "EXT 2022"]
[Source "ChessBase"]
[SourceDate "2021.10.06"]
[SourceVersion "1"]
[SourceVersionDate "2021.10.06"]
[SourceQuality "1"]
[WhiteTeam "Rheinpark BSG"]
[BlackTeam "Gruenfeld"]
[WhiteTeamCountry "GER"]
[BlackTeamCountry "GER"]

1. d4 d5 2. c4 c6 3. cxd5 cxd5 4. Nf3 Nf6 5. Nc3 Nc6 6. Bf4 Bg4 7. e3 e6 8. Bb5 Bb4 9. Qa4 Bxc3+ 10. bxc3 Rc8 11. Ne5 Qb6 12. Bxc6+ bxc6 13. Nxg4 Nxg4 14. 0-0 a5 15. Rab1 Qd8 16. Qa3 c5 17. Rb5 0-0 18. Rxc5 Rxc5 19. Qxc5 Qa8 20. Rb1 Rc8 21. Qxc8+ Qxc8 22. Rb8 Qxb8 23. Bxb8 Kf8 24. a4 Ke7 25. Bc7 Nf6 26. Bxa5 Ne4 27. Bb4+ Kd7 28. Kf1 Nd2+ 29. Ke2 Nc4 30. a5 Kc6 31. f3 Kb5 32. e4 Nxa5 33. Bxa5 Kxa5 34. Kd3 Kb5 35. g4 g5 36. e5 Kc6 37. c4 Kb6 38. c5+ Kb5 39. Ke3 h6 40. f4 Kc6 41. Kf3 Kd7 42. Kg3 Ke7 43. h4 f6 44. exf6+ Kxf6 45. fxg5+ hxg5 46. h5 1-0

[Event "Mittelrhein Verbandsliga-N 17/18"]
[Site "Nordrheinwestfalen"]
[Date "2017.10.22"]
[Round "3.7"]
[White "Wiedermann, Lars"]
[Black "Pauseback, Nikolaus"]
[Result "1-0"]
[WhiteElo "1654"]
[BlackElo "1499"]
[PlyCount "60"]
[EventDate "2017.09.10"]
[EventType "team-swiss"]
[EventRounds "11"]
[EventCountry "GER"]
[SourceTitle "EXT 2022"]
[Source "ChessBase"]
[SourceDate "2021.10.06"]
[SourceVersion "1"]
[SourceVersionDate "2021.10.06"]
[SourceQuality "1"]
[WhiteTeam "Eikamp Freibauer"]
[BlackTeam "Gruenfeld"]
[WhiteTeamCountry "GER"]
[BlackTeamCountry "GER"]

1. e4 e5 2. Nf3 Nc6 3. d4 exd4 4. Nxd4 Nxd4 5. Qxd4 Ne7 6. Bg5 f6 7. Bh4 Nc6 8. Qd5 Qe7 9. Bc4 Nb4 10. Qh5+ g6 11. Qe2 d6 12. Nc3 Bd7 13. 0-0 0-0-0 14. a3 g5 15. axb4 gxh4 16. Rxa7 c6 17. Rfa1 Kc7 18. b5 Rb8 19. bxc6 Bxc6 20. Nd5+ Bxd5 21. Bxd5 Kd8 22. Qb5 Qd7 23. Qxd7+ Kxd7 24. Rxb7+ Rxb7 25. Bxb7 Kc7 26. Bd5 Kb6 27. Kf1 Bg7 28. Ke2 Rc8 29. c4 Re8 30. Kd3 Rg8 1-0